Los humoristas están en lo cierto porque viven muertos de risa: contra la libertad de expresión
Guardado en:
| Formato: | Libro |
|---|---|
| Lenguaje: | Spanish |
| Etiquetas: |
Agregar Etiqueta
Sin Etiquetas, Sea el primero en etiquetar este registro!
|
MARC
| LEADER | 00000nam a22000007a 4500 | ||
|---|---|---|---|
| 003 | cru CIDCACS/IIS | ||
| 005 | 20181101143933.0 | ||
| 007 | ta | ||
| 008 | 181101s1990 ho |||p|r||||||0| ||spa|d | ||
| 999 | |c 41870 |d 41870 | ||
| 040 | |c cru CIDCACS/IIS | ||
| 245 | 0 | 4 | |a Los humoristas están en lo cierto porque viven muertos de risa: |b contra la libertad de expresión |
| 300 | |a página 4-5: |b foto | ||
| 942 | |2 ddc |c PP | ||
| 773 | 0 | |0 41867 |9 2372 |a Comité para la Defensa de los Derechos Humanos (Honduras) |d Tegucigalpa; Honduras: |o 18102 |t CODEH: | |
